000
00209 a2200097 4500
001
49461
100
_a
Stacton
245
_a
A Ride on a Tiger
260
_a
London
_b
Museum Press Ltd
_c
090
_c
31992
_d
31992
942
_a
NUST-CAE
_c
M
_c
24438
999
_c
284534
_d
284534